Flaggen Quiz Mix 2 - Statistiken

Allgemein
  • Dieses Quiz wurde 68 mal gespielt
  • Das Durchschnittsergebnis liegt bei 13 aus 16
Antwortstatistiken
Bildquiz Antwort % Korrekt
Brasilien
100%
Albanien
98%
Indien
98%
Neuseeland
95%
Slowakei
95%
Schottland
89%
Burundi
80%
Afghanistan
78%
Gabun
76%
Turkmenistan
76%
Fidschi
73%
Mauretanien
73%
Belize
71%
Simbabwe
67%
St.Lucia
65%
Aruba
31%
Keine übereinstimmenden Quizze gefunden
Verteilung der Resultate
Anzahl Personen mit jedem Resultat
Perzentil nach korrekt beantworteten Fragen
Ihre Resultats-Entwicklung
Sie haben dieses Quiz noch nicht gespielt